Statistiques concernant Préfectures et sous-préfectures commençant par la lettre D

Cliquez ici pour prendre le quiz!

Statistiques générales

  • Ce quiz a été pris 41 fois
  • Le résultat moyen est 7 sur 11

Statistiques - réponses

Réponses% Correct
Dijon
77%
Dax
69%
Digne-les-Bains
64%
Dole
64%
Dunkerque
62%
Die
59%
Dinan
56%
Dieppe
54%
Douai
54%
Draguignan
51%
Dreux
46%

Distribution des résultats

Percentile par nombre de réponses

% des personnes avec chaque résultat

Votre développement - résultats

Vous n’avez pas pris ce quiz